000 00659nam a2200217 i 4500
001 81369
003 ES-MaACL
005 20230906174425.0
007 t|
008 041104s1967 sp ||||1| spa d
100 1 _aHughes, H. Stuart.
_964611
245 1 3 _aLa historia como arte y como ciencia /
_cH. Stuart Hughes ; traducción por Matilde Vilarroig.
260 _a[Madrid] :
_bAguilar,
_c[1967]
300 _a124 p. ;
_c21 cm.
490 1 _aColección literaria
650 0 0 _aHistoria-
_xMetodología.
_913381
700 1 _aVilarroig, Matilde.
_9114824
830 1 _aColección literaria
_9179831
852 _aES-MaACL
_jC-32090
999 _c81369
_d81369